00702 2200169 4500245003600000020002200036250001100058100001600069650001600085005001900101260002900120041001400149084000800163300002700171500032500198336000900523 aMalik & ElsacBoy ChandrahText a978-979-794-567-1 aCet. 1 aBoy Chandra aNovel Fiksi a20231003134318 aJakartabMediakitac2018 aIndonesia a813 aiv, 188 hlm. :c19 cm. aKelas pertama hari itu dimulai dengan perkenalan warga kelas. Seperti biasa, satu persatu menyebutkan namanya. Usai kelas pertama itu, aku mengajak Elsa keluar. Dia akan mentraktirku. Kami berjalan di koridor, menuju warung atau tempat menjual makanan yang sama-sama baru bagi kami. Aku menatap Elsa, dia juga menatapku. atext